1341 1543 1425 1813 1773 1827 1348 1157 1865 1637 1342 1484 1978 1655 1240 1567 1620 1147 1118 1106 1990 1533 1451 1297 1929 1758 1350 1850 1990 1579 1605 1811 1255 1270 1918 1264 1309 1244 1487 1076 1476 1687 1076 1153 1039 1295 1878 1870 1063 1506 1518 1890 1567 1587 1676 1469 1498 1977 1692 1641 1862 1376 1041 1872 1387 1086 1147 1731 1110 1768 1982 1938 1393 1054 1043 1817 1630 1645 1439 1776 1895 1731 1839 1757 1780 1734 1763 1240 1585 1240 1990 1535 1249 1289 1697 1514 1928 1634 1707 BCNSPRNW ULIB Ver.6.0+V

เปลี่ยนเป็นภาษาไทย

Change to English
 แสดงรายละเอียดบรรณานุกรม
  กลับหน้าหลัก

Brief Record : Get Marc (ISO 2709) : E-mail record : QR code < ปิดหน้าต่าง
LEADER : 00000nam 2200000uu 4500
001    13399124564
003     ULIB
008    150924s2558||||th 000 0 tha d
020    ^a9786163825452
060  4 ^aWY200^bด429ก
100    ^aดารุณี จงอุดมการณ์
245    ^aการพยาบาลสุขภาพครอบครัว : แนวคิดทฤษฎีและการประยุกต์ใช้ในครอบครัวระยะวิกฤต/^bดารุณี จงอุดมการณ์
250    ^aพิมพ์ครั้งที่ 2
260    ^aขอนแก่น :^bคณะพยาบาลศาสตร์ มหาวิทยาลัยขอนแก่น,^c2558
300    ^a306 หน้า^bภาพประกอบ
650  7 ^aการพยาบาลครอบครัว
650  7 ^aครอบครัว^xระยะวิกฤต
945    ^p480^l0^i23180
945    ^p480^l0^i23179
945    ^p480^l0^i23178
945    ^p480^l0^i23177
945    ^p480^l0^i23176
945    ^p480^l0^i23175
945    ^p480^l0^i23174
945    ^p480^l0^i23173
945    ^p480^l0^i23172
945    ^p480^l0^i23171
999    ^aทศพร เกษรทอง
รายการนี้ยังไม่มีแท็ก
คุณยังไม่ได้ล็อกอิน คุณสามารถมีกิจกรรมร่วมกับเว็บไซต์ได้ แต่ต้องล็อกอินก่อน ::
  ล็อกอิน

รายการสื่อสารสนเทศ

ลำดับที่ ประเภท เลขเรียก/บาร์โค้ด สถานที่ สถานะ
1. Book การพยาบาล
Book การพยาบาล
สถานะ=หนังสือเก่า
WY200 ด429ก ฉ.1 
  Barcode: 23171
ห้องสมุดวิทยาเขตนครสวรรค์
►ส่วนจัดเก็บหนังสือเก่า นว.
บนชั้น
  ขอยืม
2. Book การพยาบาล
Book การพยาบาล
สถานะ=หนังสือเก่า
WY200 ด429ก ฉ.10 
  Barcode: 23180
ห้องสมุดวิทยาเขตนครสวรรค์
►ส่วนจัดเก็บหนังสือเก่า นว.
บนชั้น
  ขอยืม
3. Book การพยาบาล
Book การพยาบาล
สถานะ=หนังสือเก่า
WY200 ด429ก ฉ.2 
  Barcode: 23172
ห้องสมุดวิทยาเขตนครสวรรค์
►ส่วนจัดเก็บหนังสือเก่า นว.
บนชั้น
  ขอยืม
4. Book การพยาบาล
Book การพยาบาล
สถานะ=หนังสือเก่า
WY200 ด429ก ฉ.3 
  Barcode: 23173
ห้องสมุดวิทยาเขตนครสวรรค์
►ส่วนจัดเก็บหนังสือเก่า นว.
บนชั้น
  ขอยืม
5. Book การพยาบาล
Book การพยาบาล
สถานะ=หนังสือเก่า
WY200 ด429ก ฉ.4 
  Barcode: 23174
ห้องสมุดวิทยาเขตนครสวรรค์
►ส่วนจัดเก็บหนังสือเก่า นว.
บนชั้น
  ขอยืม
6. Book การพยาบาล
Book การพยาบาล
สถานะ=หนังสือเก่า
WY200 ด429ก ฉ.5 
  Barcode: 23175
ห้องสมุดวิทยาเขตนครสวรรค์
►ส่วนจัดเก็บหนังสือเก่า นว.
บนชั้น
  ขอยืม
7. Book การพยาบาล
Book การพยาบาล
สถานะ=หนังสือเก่า
WY200 ด429ก ฉ.6 
  Barcode: 23176
ห้องสมุดวิทยาเขตนครสวรรค์
►ส่วนจัดเก็บหนังสือเก่า นว.
บนชั้น
  ขอยืม
8. Book การพยาบาล
Book การพยาบาล
สถานะ=หนังสือเก่า
WY200 ด429ก ฉ.7 
  Barcode: 23177
ห้องสมุดวิทยาเขตนครสวรรค์
►ส่วนจัดเก็บหนังสือเก่า นว.
บนชั้น
  ขอยืม
9. Book การพยาบาล
Book การพยาบาล
สถานะ=หนังสือเก่า
WY200 ด429ก ฉ.8 
  Barcode: 23178
ห้องสมุดวิทยาเขตนครสวรรค์
►ส่วนจัดเก็บหนังสือเก่า นว.
บนชั้น
  ขอยืม
10. Book การพยาบาล
Book การพยาบาล
สถานะ=หนังสือเก่า
WY200 ด429ก ฉ.9 
  Barcode: 23179
ห้องสมุดวิทยาเขตนครสวรรค์
►ส่วนจัดเก็บหนังสือเก่า นว.
บนชั้น
  ขอยืม

รายการใกล้เคียง
    ผู้แต่ง [ดารุณี จงอุดมการณ์]

    หัวเรื่อง [การพยาบาลครอบครัว]

BibComment


ยังไม่เคยถูกคอมเมนท์

คอมเมนท์ทรัพยากรรายการนี้
  คอมเมนท์: การพยาบาลสุขภาพค..


 Copyright 2026. Bcnsprnw @Library